Statistics for Super Smash Bros. Characters

Click here to take the quiz!

General Stats

  • This quiz has been taken 68 times
  • The average score is 75 of 103

Answer Stats

HintAnswer% Correct
SSB | SSBB | SSBFN3DS/SSBFNWU | SSBMMario
98%
SSB | SSBB | SSBFN3DS/SSBFNWU | SSBMLink
94%
SSB | SSBB | SSBFN3DS/SSBFNWU | SSBMKirby
90%
SSB | SSBB | SSBFN3DS/SSBFNWU | SSBMLuigi
90%
SSBB | SSBFN3DS/SSBFNWU | SSBMPeach
90%
SSBB | SSBFN3DS/SSBFNWU | SSBMBowser
88%
SSB | SSBFN3DS/SSBFNWU | SSBMSamus
88%
SSBB | SSBFN3DS/SSBFNWU | SSBMYoshi
88%
SSB | SSBB | SSBFN3DS/SSBFNWU | SSBMFox
86%
SSBFN3DS/SSBFNWUZelda
86%
SSB | SSBB | SSBFN3DS/SSBFNWU | SSBMPikachu
84%
SSB | SSBB | SSBFN3DS/SSBFNWU | SSBMDonkey Kong
82%
SSBB | SSBMFalco
82%
SSB | SSBB | SSBMJigglypuff
80%
SSBYoshi
80%
SSB | SSBB | SSBMCaptain Falcon
78%
SSB | SSBB | SSBMNess
78%
SSBB | SSBFN3DS/SSBFNWUToon Link
78%
SSBB | SSBFN3DS/SSBFNWUDiddy Kong
75%
SSBMMewtwo
73%
SSBMYoung Link
73%
SSBBWolf
71%
SSBB | SSBMGanondorf
69%
SSBB | SSBMIce Climbers
69%
SSBB | SSBFN3DS/SSBFNWU | SSBMMarth
69%
SSBMPichu
69%
SSBMRoy
69%
SSBBLucas
67%
SSBBPokemon Trainer/Squirtle/Ivysaur/Charizard
67%
SSBBWario
67%
SSBB | SSBFN3DS/SSBFNWULucario
65%
SSBB | SSBMMister Game And Watch
65%
SSBBR.O.B.
65%
SSBFN3DS/SSBFNWUSheik
65%
SSBBSolid Snake
65%
SSBB | SSBFN3DS/SSBFNWUSonic
65%
SSBFN3DS/SSBFNWUZero Suit Samus
65%
SSBB | SSBFN3DS/SSBFNWUKing DeDeDe
63%
SSBBMeta Knight
63%
SSBMDoctor Mario
59%
SSBB | SSBFN3DS/SSBFNWUIke
59%
SSBBOlimar
59%
SSBB | SSBFN3DS/SSBFNWUPit
57%
SSBFN3DS/SSBFNWULittle Mac
51%
SSBFN3DS/SSBFNWUGreninja
49%
SSBFN3DS/SSBFNWUMega Man
49%
SSBFN3DS/SSBFNWUCharizard
45%
SSBFN3DS/SSBFNWUWii Fit Trainer
45%
SSBFN3DS/SSBFNWUVillager
41%
SSBFN3DS/SSBFNWURosalina And Luma
29%
RandomRandom
24%
SSBFN3DS/SSBFNWUPikmin And Olimar
4%
SSBB | SSBMZelda/Sheik
4%
SSBBSamus/Zero Suit Samus
2%

Score Distribution

Percentile by Number Answered

Percent of People with Each Score

Your Score History

You have not taken this quiz